000
00286 a2200145 4500
001
180233
020
_a
040
_c
Magnum
100
_a
Ramos, Clara
240
1
0
_a
A formigarra
_l
por
245
1
0
_a
A formigarra
362
0
_a
1899
697
_a
MAGNITO: IJ/ECOLOGIA
942
_c
BK
999
_c
180233
_d
180233